| 000 | 00583nam a2200205 a 4500 | ||
|---|---|---|---|
| 001 | 16776 | ||
| 003 | CO-ViMGA | ||
| 005 | 20230915231056.0 | ||
| 008 | 141112s2004 ck r 000 u spa d | ||
| 020 | _a9582812559 | ||
| 040 |
_aCO-ViMGA _bspa _cCO-ViMGA |
||
| 082 | 0 | 4 | _a923.2 B654p |
| 100 | 1 |
_aPolanco Alcántara, Tomás _912747 |
|
| 245 | 1 | 0 | _aVida, Obra y Pensamiento |
| 260 |
_aBogotá, _cCirculo de Lectores, _c2001 |
||
| 300 | _a221.p.il.fotos | ||
| 590 | _aForma de adquisición : Premio - Mincultura | ||
| 650 | 1 | 4 |
_aBOLIVAR, SIMON, 1783 - 1830 _912748 |
| 942 |
_2ddc _cBK |
||
| 999 |
_c26433 _d26433 |
||